История России #31: Падение монархии - Statistics

General Stats
  • This quiz has been taken 41 times
  • The average score is 11 of 35
Answer Stats
Вопрос Ответ % Correct
Второй большевик после В.И. Ленина, председатель Петроградского совета рабочих и солдатских депутатов Л.Д. Бронштейн
67%
Предводитель военного выступленияпротив А.Ф. Керенского Л.Г. Корнилов
59%
Город, в котором Николай II отрекся от престола Псков
52%
Дата Октябрьской революции 25.10.1917
52%
Железнодорожная станция, на которой Николай II ожидал встречи с М.В. Родзянко незадолго до отречения Дно
48%
Крылатая фраза, якобы произнесенная В.И. Лениным на вопрос о существовании партии, готовой взять полную власть в России Есть такая партия!
48%
Кризис, приведший А.Ф. Керенского кпосту министра-председателя и разгрому РСДРП Июльские дни
48%
Сожитель В.И. Ленина после его бегстваиз Петрограда Г.Е. Зиновьев
48%
Программа действия большевиков после Февральской революции, представленная до нее В.И. Лениным Апрельские тезисы
44%
Место пребывания В.И. Ленина послебегства из Петрограда Разлив
44%
Последнее крупное наступление русскихвойск Летнее наступление
44%
Великий князь, который должен былстать регентом при малолетнем Алексее Николаевиче по плану некоторых МихаилАлександрович
41%
Документ, вызвавший Апрельский кризисВременного правительства и его созыв в новом составе Нота П.Н. Милюкова
41%
Немногие большевики, выступившие против вооруженного восстания Л.Б. Розенфельд,Г.Е. Радомысльский
41%
Главнокомандующий Северным фронтом,способствовавший отречению Николая II Н.В. Рузский
37%
Документ, разрушивший имперскую армию Приказ №1
37%
Метод перемещения революционеровиз Швейцарии в Россию Пломбированныйвагон
37%
Орган власти, организованный социалистами в период безвластия в Петербурге Петросовет
33%
Министр Временного правительства, покинувший пост вслед за лидером кадетов А.И. Гучков
33%
Дата "выступления работниц" Петрограда,начало революции 23.02.1917
33%
Необычное военное подразделение, двигавшееся на Петроград во время военного мятежа Дикая дивизия
30%
Высшей орган государственной власти,созданный 27 февраля Временный комитет Государственной Думы
30%
Меньшевик, автор идеи путешествияв Россию на поезде Ю.О. Мартов
26%
Совещательный орган при Временномправительстве, созданный в сентябре 1917 года Предпарламент
26%
Военное выступление против А.Ф. Керенского с точностью до месяца Август 1917
26%
Дата отречения Николая II от престола 02.03.1917
22%
Процесс вытеснения эсеров и меньшевиковиз органов рабочего самоуправления Большевизациясоветов
22%
Председатель социалистического органавласти, стихийно образованного в Петрограде Н.С. Чхеидзе
19%
Марксист, немец, дающий деньги большевикам* *Но это не точно А.Л. Парвус
19%
Командующий войсками петроградскоговоенного округа во время февральской революции С.С. Хабалов
15%
Первый большевистский председательМосковского совета рабочих и солдатских депутатов В.П. Ногин
11%
Военный, ведущий армию на Петроград вовремя военного мятежа, оказавшийся мертвым в результате данной авантюры А.М. Крымов
7%
Единственный кроме А.Ф. Керенского министр, участвовавший во всех составах Временного правительства М.И. Терещенко
4%
Собрание, вызвавшее Июньский кризис Временного правительства I Всероссийский съезд Советов
4%
Совещание представителей политическихпартий в сентябре 1917 года Всероссийское демократическое совещание
0%
No matching quizzes found
Score Distribution
Percent of People with Each Score
Percentile by Number Answered
Your Score History
You have not taken this quiz